Komparácia matematických modelov úmrtnosti a iných dekrementov používaných v aktuárskych výpočtoch v životnom prostredí

Používanie matematických modelov v oblasti aktuárskej práce v rámci životného poistenia. Peňažné toky v životnom poistení. Základný demografický model. Jednoduchý deterministický model (úmrtnostné tabuľky). Model času života ako náhodnej premennej. Viacstavové modely. Jednoduchý dvojstavový demogra...

Descripción completa

Guardado en:
Detalles Bibliográficos
Autor principal: Bilíková, Mária, 1951-
Otros Autores: Luffrum, Graham, Škrovánková, Lea, 1954-
Formato: Capítulo de libro
Lenguaje:eslovaco
Materias:
Etiquetas: Agregar Etiqueta
Sin Etiquetas, Sea el primero en etiquetar este registro!

MARC

LEADER 00000naa$a2200000$$$4500
001 0014276
005 20240502071359.6
041 0 |a slo 
044 |a SK 
245 1 0 |a Komparácia matematických modelov úmrtnosti a iných dekrementov používaných v aktuárskych výpočtoch v životnom prostredí  |c aut. Mária Bilíková, Graham Luffrum, Lea Škrovánková 
520 |a Používanie matematických modelov v oblasti aktuárskej práce v rámci životného poistenia. Peňažné toky v životnom poistení. Základný demografický model. Jednoduchý deterministický model (úmrtnostné tabuľky). Model času života ako náhodnej premennej. Viacstavové modely. Jednoduchý dvojstavový demografický model a jeho rozšírenie. Trojstavový model. 
610 2 0 |a modely matematické 
610 2 0 |a modely ekonomicko-matematické 
610 2 0 |a modely stochastické 
610 2 0 |a modelovanie 
610 2 0 |a úmrtnosť 
610 2 0 |a aktuári 
610 2 0 |a matematika poistná 
610 2 0 |a poistenie životné 
610 2 0 |a poistenie nemocenské 
610 2 0 |a zmluvy poistné 
610 2 0 |a metódy aktuárske 
610 2 0 |a udalosti poistné 
610 2 0 |a dávky poistné 
610 2 0 |a hodnota poistná 
100 1 |a Bilíková, Mária, 1951- 
700 1 |a Luffrum, Graham 
700 1 |a Škrovánková, Lea, 1954-